00503nam a2200169Ia 4500003000900000008004100009020001800050040001600068080002100084100001700105245009200122260003300214300001400247650001400261650004100275650001700316IN-BaIIA211028s9999 xx 000 0 eng d a0-08-032314-6 cIIA Library a047.1:52bVIA-26 aBeer, Arthur 0aVistas in Astronomy vol.26cArthur Beer  aOxfordbPergamon Pressc1982 avi, 420p. aAstronomy aAstronomy and Astrophysics Thesaurus aAstrophysics